书目信息 |
| 题名: |
血色草原
|
|
| 作者: | 王怀宇 著 | |
| 分册: | ||
| 出版信息: | 北京 作家出版社 2021.01 |
|
| 页数: | 14, 325页 | |
| 开本: | 23cm | |
| 丛书名: | ||
| 单 册: | ||
| 中图分类: | I247.57 | |
| 科图分类: | ||
| 主题词: | 长篇小说--chang pian xiao shuo--中国--当代 | |
| 电子资源: | ||
| ISBN: | 978-7-5212-1203-7 | |
| 000 | 01021nam0 2200253 450 | |
| 001 | 202021193468 | |
| 005 | 20211025120141.0 | |
| 010 | @a978-7-5212-1203-7@dCNY58.00 | |
| 100 | @a20210930d2021 em y0chiy50 ea | |
| 101 | 0 | @achi |
| 102 | @aCN@b110000 | |
| 105 | @ay z 000ay | |
| 106 | @ar | |
| 200 | 1 | @a血色草原@Axue se cao yuan@f王怀宇著 |
| 210 | @a北京@c作家出版社@d2021.01 | |
| 215 | @a14, 325页@d23cm | |
| 300 | @a2018年中国作家协会定点深入生活扶持项目 | |
| 314 | @a王怀宇, 毕业于东北师范大学中文系, 鲁迅文学院高研班学员。 | |
| 330 | @a本书以东北草原汉民族后人的口吻, 讲述了一个渔猎农牧家族乃至整个东北草原从兴到衰, 又从衰到兴的艰难演变历程。以查干淖尔大草原塔头滩上王氏和胡氏两个家族兴衰为主线, 通过对王氏几代人呕心沥血执着梦想争当强者、争当英雄艰辛历程的描述, 塑造了一个又一个铮铮铁骨、不懈追求的草原人物。 | |
| 606 | 0 | @a长篇小说@Achang pian xiao shuo@y中国@z当代 |
| 690 | @aI247.57@v5 | |
| 701 | 0 | @a王怀宇@Awang huai yu@4著 |
| 801 | 0 | @aCN@c20210909 |
| 905 | @a河南城建学院图书馆@dI247.57@eW218 | |
| 血色草原/王怀宇著.-北京:作家出版社,2021.01 |
| 14, 325页;23cm |
| 2018年中国作家协会定点深入生活扶持项目 |
| ISBN 978-7-5212-1203-7:CNY58.00 |
| 本书以东北草原汉民族后人的口吻, 讲述了一个渔猎农牧家族乃至整个东北草原从兴到衰, 又从衰到兴的艰难演变历程。以查干淖尔大草原塔头滩上王氏和胡氏两个家族兴衰为主线, 通过对王氏几代人呕心沥血执着梦想争当强者、争当英雄艰辛历程的描述, 塑造了一个又一个铮铮铁骨、不懈追求的草原人物。 |
| ● |
| 相关链接 |
|
|
|
正题名:血色草原
索取号:I247.57/W218
 
预约/预借
| 序号 | 登录号 | 条形码 | 馆藏地/架位号 | 状态 | 备注 |
| 1 | 1542517 | 215425172 | 文学库108/108文学库 52排2列1层/ [索取号:I247.57/W218] | 在馆 | |
| 2 | 1542518 | 215425181 | 文学库108/108文学库 52排2列1层/ [索取号:I247.57/W218] | 在馆 | |
| 3 | 1542519 | 215425190 | 文学库108/108文学库 52排2列1层/ [索取号:I247.57/W218] | 在馆 |